[Event "Czech Chess Christmas"]
[Site "Litomysl CZE"]
[Date "2005.12.29"]
[Round "5"]
[White "Novak,Pa"]
[Black "Priehoda,V"]
[Result "1-0"]
[WhiteElo "2345"]
[BlackElo "2404"]

1.e4 c5 2.Nf3 Nc6 3.Nc3 e6 4.d4 cxd4 5.Nxd4 Nf6 6.Ndb5 Bb4 7.Nd6+ Ke7 8.Nxc8+ Rxc8
9.Bd3 Bxc3+ 10.bxc3 Qa5 11.O-O d6 12.Rb1 Rc7 13.Rb5 Qxa2 14.f4 e5 15.c4 a6
16.c5 d5 17.fxe5 Nxe5 18.Bf4 Nxd3 19.Bxc7 axb5 20.Qxd3 Qc4 21.Bd6+ Kd8 22.e5 Ne4
23.Rxf7 Nxd6 24.cxd6 Re8 25.Qe3  1-0

[Event "XXXV Rilton Cup"]
[Site "Stockholm SWE"]
[Date "2005.12.29"]
[Round "3"]
[White "Bryn,T"]
[Black "Akesson,R"]
[Result "0-1"]
[WhiteElo "1964"]
[BlackElo "2486"]

1.e4 c5 2.Nf3 e6 3.d4 cxd4 4.Nxd4 Nc6 5.Nc3 Qc7 6.Be3 Nf6 7.Bd3 a6 8.O-O Nxd4
9.Bxd4 Bc5 10.Bxf6 gxf6 11.Qg4 Qe5 12.Qg7 Rf8 13.Rae1 Qg5 14.Qxh7 b5 15.Kh1 Bb7
16.f4 Qg4 17.Be2 Qg6 18.Qxg6 fxg6 19.Bf3 Rc8 20.Nd1 b4 21.f5 Kf7 22.e5 Bxf3
23.fxe6+ dxe6 24.Rxf3 f5 25.c3 Rfd8 26.cxb4 Bxb4 27.Nc3 Rd2 28.Rb1 Rc5 29.Ne4 Rxb2
30.Rff1 Rxb1 31.Ng5+ Ke7 32.Rxb1 Rxe5 33.Nf3 Re4 34.Kg1 Kf6 35.Kf2 g5 36.h3 g4
37.hxg4 fxg4 38.Ng1 Bc5+ 39.Kf1 Ra4 40.Ra1 Rf4+ 41.Ke2 Rf2+ 42.Kd3 Rxg2 43.Ne2 e5
44.Rc1 e4+ 45.Kd2 Be7 46.Rc6+ Kf5 47.Rxa6 Bg5+ 48.Ke1 Bh4+ 49.Kf1 Rf2+ 50.Ke1 g3
51.Ra8 g2 52.Rf8+ Ke5 53.Rxf2 e3  0-1

[Event "14th Donau Open"]
[Site "Aschach AUT"]
[Date "2005.12.30"]
[Round "6"]
[White "Wiesinger,R"]
[Black "Priborsky,J"]
[Result "0-1"]
[WhiteElo "2235"]
[BlackElo "2307"]

1.e4 c5 2.Nf3 e6 3.Nc3 Nc6 4.d4 cxd4 5.Nxd4 Qc7 6.Be2 a6 7.O-O Nf6 8.Kh1 Nxd4
9.Qxd4 Bc5 10.Qd3 b5 11.a3 Bb7 12.f4 O-O 13.e5 Ne8 14.Bf3 Bxf3 15.Qxf3 Rd8
16.Ne4 d6 17.Bd2 f5 18.exf6 Nxf6 19.Nxf6+ Rxf6 20.Bc3 Rf5 21.Qg4 Rdf8 22.Rf3 d5
23.Re1 d4 24.Bd2 Qc6 25.Rg3 g6 26.Qe2 e5 27.fxe5 Rf2 28.Qd3 Qe4 29.h3 Qb7
30.Bg5 R8f5 31.Bf6 Kf8 32.a4 Rh5 33.Kg1 Rhf5 34.Kh1 Rh5 35.Rg4 bxa4 36.Kh2 Qc7
37.Kg1 Rxc2 38.Rf4 Rf5 39.Rxf5 gxf5 40.Rf1 Qc6 41.Qg3 d3+ 42.Kh2 Qe4 43.Rf3 Rd2
44.Qg7+ Ke8 45.Rg3 Rd1 46.Qg8+ Kd7 47.Rg7+ Kc6 48.Qa8+ Kb5 49.Rb7+ Bb6 50.Rxb6+ Kxb6
51.Bd8+ Kb5 52.Qb8+ Kc4 53.Qc8+ Kb3  0-1

[Event "Czech Chess Christmas"]
[Site "Litomysl CZE"]
[Date "2005.12.30"]
[Round "6"]
[White "Kanovsky,D"]
[Black "Vavra,P2"]
[Result "1-0"]
[WhiteElo "2335"]
[BlackElo "2171"]

1.e4 c5 2.Nf3 Nc6 3.Nc3 e6 4.d4 cxd4 5.Nxd4 Qc7 6.g3 a6 7.Bg2 Nf6 8.O-O Be7
9.Re1 Nxd4 10.Qxd4 Bc5 11.Qd1 d6 12.Be3 Bd7 13.Bxc5 Qxc5 14.Qd2 O-O 15.Rad1 Ne8
16.e5 d5 17.Ne2 Rc8 18.c3 Ba4 19.Rc1 b6 20.b3 Bd7 21.c4 Qc7 22.Nf4 dxc4 23.Red1 Bb5
24.a4 Qxe5 25.axb5 axb5 26.Qb4 Nf6 27.bxc4 g5 28.Nd3 Qe2 29.Qxb5  1-0

[Event "XXXV Rilton Cup"]
[Site "Stockholm SWE"]
[Date "2005.12.30"]
[Round "4"]
[White "Niemi,K"]
[Black "Velicka,P"]
[Result "0-1"]
[WhiteElo "2250"]
[BlackElo "2441"]

1.e4 c5 2.Nf3 e6 3.d4 cxd4 4.Nxd4 Nc6 5.Nc3 a6 6.Be3 Nf6 7.g4 Bb4 8.f3 h6
9.Qd2 d5 10.O-O-O Qa5 11.Kb1 dxe4 12.Nb3 Qc7 13.a3 Bxc3 14.Qxc3 exf3 15.Bc5 Qe5
16.Qxf3 Qe4 17.Bg2 Qxf3 18.Bxf3 e5 19.Rhe1 Bxg4 20.Bxc6+ bxc6 21.Rxe5+ Be6
22.Ree1 Nd7 23.Rd6 O-O 24.Bd4 Rfd8 25.Rg1 g5 26.h4 g4 27.Be3 Ne5 28.Rxd8+ Rxd8
29.Nd4 h5 30.c3 Bd5 31.Bg5 Be4+ 32.Ka1 Rd5 33.Bf6 Nf3 34.Nxf3 Bxf3 35.Re1 Kh7
36.Kb1 Kg6 37.Bd4 c5 38.Be3 g3 39.Kc1 Kf5 40.Rf1 Kg4 41.c4 Re5  0-1

[Event "14th Donau Open"]
[Site "Aschach AUT"]
[Date "2005.12.31"]
[Round "7"]
[White "Lau,Ra"]
[Black "Gyorkos,L"]
[Result "0-1"]
[WhiteElo "2467"]
[BlackElo "2424"]

1.e4 c5 2.Nf3 e6 3.d4 cxd4 4.Nxd4 Nc6 5.Nc3 a6 6.g3 Nf6 7.Bg2 Qc7 8.O-O Nxd4
9.Qxd4 Bc5 10.Qd3 d6 11.Be3 e5 12.Bg5 Be6 13.Bxf6 gxf6 14.Nd5 Bxd5 15.Qxd5 Qb6
16.Rab1 a5 17.c3 Qc6 18.Qd3 b5 19.a3 Ke7 20.Rbc1 Bb6 21.Rfd1 Rhc8 22.Bf1 Rab8
23.Rc2 Bc7 24.b4 Qb6 25.Qf3 axb4 26.axb4 Qa6 27.Rdd2 Rb7 28.Ra2 Qc6 29.Rd3 Bb8
30.Qf5 Rg8 31.Qxh7 Rg6 32.Qh8 Rb6 33.Rd5 f5 34.exf5 Rf6 35.Bxb5 Rxb5 36.Rxb5 Qxb5
37.Ra8 Qe2 38.Rxb8 Qe1+ 39.Kg2 Qe4+ 40.Kg1 Qe1+ 41.Kg2 Qe4+ 42.f3 Qc2+ 43.Kh3 Qxf5+
44.Kh4 Qd7 45.Qf8+ Ke6 46.Qe8+ Qxe8 47.Rxe8+ Kd7 48.Rf8 Rxf3 49.Kg4 e4 50.b5 Rf2
51.h4 e3 52.Ra8 e2 53.Ra7+ Ke6 54.Ra8 Ke7 55.Ra7+ Kf6  0-1

[Event "14th Donau Open"]
[Site "Aschach AUT"]
[Date "2005.12.31"]
[Round "7"]
[White "Priborsky,I"]
[Black "Holzmann,H"]
[Result "1-0"]
[WhiteElo "2288"]
[BlackElo "2127"]

1.e4 c5 2.Nf3 e6 3.d4 cxd4 4.Nxd4 Nc6 5.Nc3 a6 6.Be2 Qc7 7.O-O Nf6 8.Be3 Bb4
9.Na4 Be7 10.Nxc6 bxc6 11.Nb6 Rb8 12.Nxc8 Qxc8 13.Bd4 O-O 14.e5 Nd5 15.c4 Nf4
16.Bf3 Qc7 17.g3 Ng6 18.Qe2 c5 19.Bc3 d6 20.exd6 Bxd6 21.Rfe1 Rbe8 22.Rad1 Rd8
23.Bg2 Be7 24.h4 Rxd1 25.Rxd1 Rd8 26.b3 Rxd1+ 27.Qxd1 Ne5 28.Qd2 Ng4 29.Bf3 h5
30.Bxg4 hxg4 31.Qe2 Qd8 32.Qxg4 Bf6 33.Bxf6 Qxf6 34.Qe2 Qd4 35.Kg2 Qd6 36.Qf3 g6
37.Qb7 Kg7 38.a4 e5 39.a5 Qd2 40.Qe4 Qxa5 41.Qxe5+ Kg8 42.g4 Qb6 43.h5 Qb7+
44.f3 gxh5 45.Qg5+ Kf8 46.Qxc5+ Ke8 47.Qe3+ Kf8 48.gxh5 Qc6 49.Qe5 Qh6 50.f4 Qh7
51.Qc5+ Ke8 52.Qc6+ Ke7 53.Qc5+ Kd7 54.Qd5+ Ke7 55.Kf3 Kf8 56.Qd8+ Kg7 57.Qg5+ Kf8
58.f5 Ke8 59.h6 Kd7 60.Kf4 Qh8 61.Qg7 Qb8+ 62.Qe5 Qxb3 63.Qd4+ Kc6 64.h7 Qb8+
65.Kg4  1-0

[Event "XXXV Rilton Cup"]
[Site "Stockholm SWE"]
[Date "2005.12.31"]
[Round "5"]
[White "Handke,F"]
[Black "Bellon Lopez,JuM"]
[Result "0-1"]
[WhiteElo "2460"]
[BlackElo "2401"]

1.e4 c5 2.Nf3 e6 3.d4 cxd4 4.Nxd4 Nc6 5.Nc3 Qc7 6.Be3 a6 7.Qd2 Nf6 8.O-O-O Bb4
9.f3 Ne5 10.Nb3 b5 11.Kb1 Be7 12.Qf2 d6 13.Bb6 Qb7 14.Bd4 Nc6 15.Be3 Ne5
16.Na5 Qc7 17.Bb6 Qb8 18.Bd4 Qc7 19.Nb3 Bb7 20.g4 Nfd7 21.a3 O-O 22.h4 Rfc8
23.g5 Nc4 24.Bxc4 Qxc4 25.h5 a5 26.g6 b4 27.Bxg7 Kxg7 28.Qg3 bxc3 29.Rdg1 Bf6
30.h6+ Kf8 31.Qxd6+ Be7 32.Qf4 hxg6 33.h7 Kg7  0-1

[Event "Masters"]
[Site "Hastings ENG"]
[Date "2006.01.01"]
[Round "5"]
[White "Vea,O"]
[Black "Bergsson,Sn"]
[Result "1/2-1/2"]
[WhiteElo "2090"]
[BlackElo "2266"]

1.e4 c5 2.Nf3 e6 3.d4 cxd4 4.Nxd4 Nc6 5.Nc3 Qc7 6.g3 a6 7.Bg2 Nf6 8.O-O Nxd4
9.Qxd4 Bc5 10.Qd3 Ng4 11.Bf4 Ne5 12.Bxe5 Qxe5 13.Kh1 Qd4 14.Qe2  1/2-1/2

[Event "10th Open"]
[Site "Bad Zwesten GER"]
[Date "2006.01.02"]
[Round "1"]
[White "Schmidt,Mark"]
[Black "Van den Doel,E"]
[Result "0-1"]
[WhiteElo "1971"]
[BlackElo "2582"]

1.e4 c5 2.Nf3 e6 3.d4 cxd4 4.Nxd4 Nc6 5.Nc3 d6 6.Be3 Nf6 7.f3 Be7 8.Qd2 O-O
9.O-O-O a6 10.g4 Nxd4 11.Bxd4 b5 12.g5 Nd7 13.h4 b4 14.Na4 Bb7 15.Rg1 Bc6
16.b3 Qa5 17.h5 Bxa4 18.bxa4 Rac8 19.Bh3 Qxa4 20.g6 Bf6 21.Bxf6 Nxf6 22.gxf7+ Kxf7
23.Kb1 Rfe8 24.Rg2 Qc6 25.Qg5 Rg8 26.Rgd2 Qc5 27.Qxc5 Rxc5 28.Rxd6 Re8 29.Rxa6 Rxh5
30.Bf1 Rh1 31.Kc1 h5 32.Bc4 Rxd1+ 33.Kxd1 h4 34.Ke2 Nh5 35.Kf2 Nf4 36.Bf1 Rc8
37.Ke3 g5  0-1

[Event "Xstrata ch-AUS 2006"]
[Site "Brisbane AUS"]
[Date "2006.01.02"]
[Round "5"]
[White "Ly,M"]
[Black "Canfell,G"]
[Result "0-1"]
[WhiteElo "2162"]
[BlackElo "2354"]

1.e4 c5 2.Nf3 e6 3.d4 cxd4 4.Nxd4 Nc6 5.Nc3 d6 6.Be3 Nf6 7.f4 Be7 8.Qf3 O-O
9.O-O-O Qc7 10.g4 a6 11.g5 Nd7 12.Rg1 b5 13.Bd3 Nc5 14.Kb1 Nxd4 15.Bxd4 b4
16.Ne2 Nxd3 17.cxd3 e5 18.Be3 b3 19.a3 d5 20.Rc1 Qa5 21.Nc3 d4 22.Nd5 Bxa3
23.bxa3 Qxa3 24.Rg2 dxe3 25.Qh5 Be6 26.Nf6+ gxf6 27.Qh6 f5 28.g6 Qa2+ 29.Rxa2 bxa2+
30.Ka1 fxg6 31.Rg1 Ra7 32.exf5 Bxf5 33.fxe5 e2 34.Qd2 Bg4 35.Qxa2+ Kg7 36.Rb1 Rf1
37.e6 Rb7  0-1

[Event "Xstrata ch-AUS 2006"]
[Site "Brisbane AUS"]
[Date "2006.01.02"]
[Round "5"]
[White "Lane,G"]
[Black "Bjelobrk,I"]
[Result "1-0"]
[WhiteElo "2445"]
[BlackElo "2399"]

1.e4 c5 2.Nf3 e6 3.d4 cxd4 4.Nxd4 Nc6 5.Nc3 Qc7 6.Be3 a6 7.Bd3 Nf6 8.O-O b5
9.Nxc6 Qxc6 10.a3 Bb7 11.Qe2 Be7 12.f4 O-O 13.e5 Nd5 14.Nxd5 Qxd5 15.c4 bxc4
16.Bxc4 Qc6 17.f5 Bc5 18.Bxc5 Qxc5+ 19.Kh1 exf5 20.b4 Qe7 21.Rxf5 g6 22.Rf2 d5
23.exd6 Qxd6 24.Rd1 Qc6 25.Qa2 Kg7 26.Bxf7 Rad8 27.Qb2+ Kh6 28.Rxd8 Rxd8
29.Bb3 Rd3 30.Bc2 Rc3 31.Qc1+ Kg7 32.Qd2 Rc4 33.Qd8 Rf4 34.Qe7+ Kh6 35.Qe3 g5
36.Qh3+ Rh4 37.Qf5  1-0

[Event "Masters"]
[Site "Hastings ENG"]
[Date "2006.01.02"]
[Round "6"]
[White "Ziska,A"]
[Black "Husted,P"]
[Result "1/2-1/2"]
[WhiteElo "1819"]
[BlackElo "2127"]

1.e4 c5 2.Nf3 Nc6 3.d4 cxd4 4.Nxd4 e6 5.Nc3 Qc7 6.Be3 a6 7.Be2 Nf6 8.O-O Bb4
9.f3 O-O 10.Nb3 Be7 11.a4 b6 12.Qe1 d6 13.Qf2 Nd7 14.Rfd1 Bb7 15.Rac1 Nce5
16.Nd2 Bc6 17.f4 Ng6 18.Nf3 Bf6 19.Nd4 Bb7 20.Bf3 Rad8 21.g3 Ne7 22.Nde2 Rfe8
23.h4 Bc6 24.g4 b5 25.axb5 axb5 26.g5 Bxc3 27.Nxc3 b4 28.Ne2 d5 29.e5 Nf5
30.Nd4 Nxe3 31.Qxe3 Nb6 32.b3 Bd7 33.Be2 Ra8 34.Bd3 Nc8 35.c3 bxc3 36.Rxc3 Qb6
37.Bc2 Ne7 38.Kh2 Ra2 39.Rd2 Rea8 40.h5 g6 41.h6 Kf8 42.Rc6 Qb4 43.Rc7 Ke8
44.Rc3 Qa5 45.Kg2 Rc8 46.Rxc8+ Bxc8 47.Rf2 Ba6 48.Bd3 Bxd3 49.Qxd3 Rxf2+
50.Kxf2 Kd8 51.Ke2 Qa2+ 52.Qd2 Qa6+ 53.Qd3  1/2-1/2

[Event "XXXV Rilton Cup"]
[Site "Stockholm SWE"]
[Date "2006.01.02"]
[Round "6"]
[White "Lindberg,H"]
[Black "Hermansson,E"]
[Result "1-0"]
[WhiteElo "2239"]
[BlackElo "2449"]

1.e4 c5 2.Nf3 e6 3.d4 cxd4 4.Nxd4 Nc6 5.Nc3 Nf6 6.g3 Bb4 7.Bg2 O-O 8.Ne2 b6
9.O-O Ba6 10.Bd2 Rc8 11.a4 Be7 12.Nb5 d5 13.exd5 Nxd5 14.Nf4 Nxf4 15.Bxf4 Nb4
16.c3 Nd3 17.Qd2 e5 18.Be3 Nc5 19.Qc2 Qe8 20.Rfd1 Bxb5 21.axb5 Qxb5 22.Rxa7 Bf6
23.Rd6 Rfd8 24.Bf1 Qxf1+ 25.Kxf1 Rxd6 26.b4 Ne6 27.Qa4 Nf8 28.c4 h6 29.Ra8 Rdd8
30.Rxc8 Rxc8 31.Bxb6 Rxc4 32.Qe8 g6 33.Bc5 Bg7 34.Bd6 Rd4 35.Be7 e4 36.b5 Rd1+
37.Kg2 Rb1 38.Bc5  1-0

[Event "XXXV Rilton Cup"]
[Site "Stockholm SWE"]
[Date "2006.01.03"]
[Round "7"]
[White "Kurnosov,I"]
[Black "Bellon Lopez,JuM"]
[Result "1/2-1/2"]
[WhiteElo "2523"]
[BlackElo "2401"]

1.e4 c5 2.Nf3 e6 3.d4 cxd4 4.Nxd4 Nc6 5.Nc3 Nf6 6.Ndb5 Bc5 7.Bf4 O-O 8.Bc7 Qe7
9.Bd6 Bxd6 10.Qxd6 Ne8 11.Qxe7 Nxe7 12.O-O-O a6 13.Nd6 Nxd6 14.Rxd6 f5 15.Bd3 b5
16.f3 Ra7 17.Rd1 fxe4 18.Bxe4 Nf5 19.Bxf5 Rxf5 20.Ne4 Kf8 21.Rb6 Ke7 22.Nd6 Rf8
23.b3 Rc7 24.Kb2 Rc6 25.Rxc6 dxc6 26.Ne4 a5 27.a4 bxa4 28.bxa4 e5 29.Kc3 Rf4
30.Rb1 Bf5 31.Rb7+ Ke6 32.Kd3 g5 33.Rc7 Bxe4+ 34.fxe4 Kd6 35.Rxh7 Rf2 36.Rh6+ Kc5
37.Re6 Rxg2 38.Kc3 Rxh2 39.Rxe5+ Kb6 40.Rxg5 Rh3+ 41.Kb2 Re3 42.Re5 Kc7 43.Kc1 Kb6
44.Kb2 Kc7 45.c3 Kd6 46.Rxa5 Rxe4 47.Ra7 Kc5 48.Ra6 Re6 49.Kb3 Re1 50.Ra5+ Kb6
51.Rg5 Rb1+ 52.Kc4 Ra1 53.Kb4 Rb1+ 54.Ka3 Ka6 55.Rc5 Kb6 56.Rc4 Ka5 57.Rc5+ Kb6
58.Re5 Ka6 59.Ka2 Rb8 60.Re4 Ka5 61.Rc4 Rb6 62.Rf4 Rb8 63.Ka3 Rb1 64.Rf5+ Kb6
65.a5+ Ka6 66.c4 Rb8 67.Ka4 Rb1 68.Rf8 c5 69.Rf6+ Ka7 70.a6 Rb4+ 71.Ka5 Rxc4
72.Rf7+ Ka8 73.Kb6 Rb4+ 74.Kxc5  1/2-1/2

[Event "8th Hilton Schachfestival"]
[Site "Basel SUI"]
[Date "2006.01.04"]
[Round "4"]
[White "Hoffmann,Mi1"]
[Black "Haener,P"]
[Result "1/2-1/2"]
[WhiteElo "2462"]
[BlackElo "2215"]

1.e4 c5 2.Nf3 e6 3.Nc3 Nc6 4.d4 cxd4 5.Nxd4 Nf6 6.Ndb5 Bb4 7.a3 Bxc3+ 8.Nxc3 d5
9.exd5 exd5 10.Bd3 O-O 11.O-O d4 12.Ne2 Bg4 13.Bg5 Qd6 14.Qd2 Rfe8 15.Rfe1 Rad8
16.Ng3 h6 17.Bf4 Qf8 18.Nf5 Rd5 19.Ng3 g5 20.Ne4 Nxe4 21.Bxe4 Rxe4 22.Rxe4 Bf5  1/2-1/2

[Event "8th Hilton Schachfestival"]
[Site "Basel SUI"]
[Date "2006.01.04"]
[Round "4"]
[White "Galdunts,S"]
[Black "Agushi,A"]
[Result "1-0"]
[WhiteElo "2485"]
[BlackElo "2131"]

1.e4 c5 2.Nf3 e6 3.Nc3 Nc6 4.d4 cxd4 5.Nxd4 Qc7 6.g3 d6 7.Bg2 Nf6 8.O-O a6
9.Re1 Be7 10.Nxc6 bxc6 11.e5 dxe5 12.Rxe5 Nd5 13.Re1 O-O 14.Ne4 a5 15.c4 Nb4
16.Qe2 Bb7 17.a3 Na6 18.Be3 c5 19.Bf4 Qb6 20.Rad1 Rfd8 21.Be5 Nc7 22.Qe3 Bc6
23.b4 axb4 24.axb4 Rxd1 25.Rxd1 Ne8 26.bxc5 Qb7 27.Nd6 Bxd6 28.Bxc6 Qxc6
29.cxd6 Rd8 30.c5 f6 31.Bc3 Kf7 32.Ba5 Rd7 33.Bb6 f5 34.Re1 Qd5 35.Qc3 Rb7
36.Re5 Qa2 37.Kg2 Nf6 38.Qf3 Nd5 39.Rxd5 Qxd5 40.Qxd5 exd5 41.c6 Rxb6 42.c7  1-0

[Event "10th Open"]
[Site "Bad Zwesten GER"]
[Date "2006.01.05"]
[Round "5"]
[White "Luther,T"]
[Black "Mainka,R"]
[Result "0-1"]
[WhiteElo "2569"]
[BlackElo "2457"]

1.e4 c5 2.Nf3 e6 3.d4 cxd4 4.Nxd4 Nc6 5.Nc3 a6 6.Be3 Nf6 7.Bd3 Qc7 8.O-O Nxd4
9.Bxd4 Bc5 10.Bxc5 Qxc5 11.Kh1 d6 12.Qd2 e5 13.Rae1 Be6 14.f4 exf4 15.Qxf4 O-O
16.e5 dxe5 17.Rxe5 Qc7 18.Qg3 Qd8 19.h3 Rc8 20.Ne4 Nxe4 21.Bxe4 b5 22.Bd3 Bc4
23.Bxc4 Rxc4 24.c3 Rc6 25.Qe3 Rc7 26.Re1 Qd6 27.Re7 g6 28.Rxc7 Qxc7 29.Qe5 Qc4
30.a3 Qb3 31.Re2 Rd8 32.Kh2 Qd1 33.Rf2 Qd6 34.Qxd6 Rxd6 35.Kg3 Kg7 36.Re2 f5
37.Kf3 Kf6 38.h4 Rd3+ 39.Kf2 h6 40.Ke1 g5 41.hxg5+ hxg5 42.Re8 f4 43.Ra8 Rd6
44.Ke2 g4 45.b3 Kg5 46.Rf8 Re6+ 47.Kd2 Re3 48.c4 bxc4 49.bxc4 Rxa3 50.c5 Ra5
51.Rc8 Kh4 52.Kd3 Kg3 53.Ke4 Ra2 54.Rg8 Rxg2 55.Kf5 Kf3 56.Rb8 Kg3 57.Rg8 f3
58.Rxg4+ Kh3 59.Rf4 f2 60.c6 Rg8 61.c7 Kg3  0-1

[Event "Xstrata ch-AUS 2006"]
[Site "Brisbane AUS"]
[Date "2006.01.05"]
[Round "8"]
[White "Lane,G"]
[Black "Canfell,G"]
[Result "1-0"]
[WhiteElo "2445"]
[BlackElo "2354"]

1.e4 c5 2.Nf3 e6 3.d4 cxd4 4.Nxd4 Nc6 5.Nc3 d6 6.g4 a6 7.Be3 Bd7 8.f4 b5
9.Bg2 Nxd4 10.Bxd4 b4 11.Ne2 e5 12.fxe5 dxe5 13.Bxe5 Bxg4 14.Qd3 Qxd3 15.cxd3 f6
16.Bg3 Rd8 17.Kd2 Bd6 18.Rac1 Ne7 19.Bxd6 Rxd6 20.Rc7 Bxe2 21.Kxe2 Kf7 22.Ke3 Rhd8
23.Rd1 Rd4 24.Ra7 R8d6 25.Bf1 f5 26.Rc1 g5 27.Rcc7 f4+ 28.Kf3 Re6 29.h4 h6
30.hxg5 hxg5 31.Kg4 Kf6 32.Rc5 f3 33.Rxg5 Nc6 34.Rh7 f2 35.Kh5 Ne7 36.e5+  1-0

[Event "Petrovskaya Ladya IM"]
[Site "Peterhof RUS"]
[Date "2006.01.05"]
[Round "3"]
[White "Lintchevski,D"]
[Black "Kaliberda,V"]
[Result "1/2-1/2"]
[WhiteElo "2422"]
[BlackElo "2399"]

1.e4 c5 2.Nf3 e6 3.d4 cxd4 4.Nxd4 Nc6 5.Nc3 Qc7 6.g3 a6 7.Bg2 d6 8.O-O Be7
9.Be3 Nf6 10.a4 Ne5 11.Qe2 Bd7 12.Rad1 Rc8 13.Kh1 Nc4 14.Bc1 Nb6 15.f4 O-O
16.e5 Ne8 17.Qf3 d5 18.Rde1 Bc5 19.Nb3 Bb4 20.f5 Bxc3 21.bxc3 Qxc3 22.Qxc3 Rxc3
23.Ba3 Nxa4 24.fxe6 Bxe6 25.Bxf8 Kxf8 26.Nd4 Ke7 27.Rf3 Rxf3 28.Bxf3 Nc7
29.Kg2 b5 30.Ra1 Bd7 31.Kf2 f6  1/2-1/2

[Event "Open"]
[Site "Verona ITA"]
[Date "2006.01.05"]
[Round "5"]
[White "Rombaldoni,Ax"]
[Black "Gourlay,I"]
[Result "1/2-1/2"]
[WhiteElo "2107"]
[BlackElo "2363"]

1.e4 c5 2.Nf3 e6 3.d4 cxd4 4.Nxd4 Nc6 5.Nc3 Qc7 6.Be2 a6 7.O-O Nf6 8.Kh1 Be7
9.f4 d6 10.Be3 O-O 11.Qe1 Nxd4 12.Bxd4 b5 13.a3 Bb7 14.Qg3 Bc6 15.Rae1 Qb7
16.Bf3 Rfd8 17.Nd5 Ne8 18.Nxe7+ Qxe7 19.Bg4 Qb7 20.Bf3 Qe7 21.Bh5 Qb7 22.Bf3  1/2-1/2

[Event "14th Bieze"]
[Site "Arnhem NED"]
[Date "2006.01.07"]
[Round "4"]
[White "Stellwagen,D"]
[Black "Kabatianski,A"]
[Result "1/2-1/2"]
[WhiteElo "2561"]
[BlackElo "2436"]

1.e4 c5 2.Nf3 e6 3.d4 cxd4 4.Nxd4 Nc6 5.Nc3 a6 6.Nxc6 bxc6 7.Bd3 d6 8.O-O Nf6
9.b3 Be7 10.Bb2 O-O 11.f4 d5 12.Qe2 a5 13.Rae1 Ba6 14.Kh1 Bxd3 15.cxd3 Re8
16.Na4 Nd7 17.Qg4 Bf8 18.Re3 g6 19.Rh3 f5 20.Qe2 Nb6 21.Nxb6 Qxb6 22.g4 dxe4
23.dxe4 Qb5 24.Qxb5 cxb5 25.exf5 exf5 26.gxf5 Re2 27.Be5 Rd8 28.Rg1 Bg7 29.f6 Bf8
30.f7+ Kxf7 31.Rxh7+ Ke6 32.Rxg6+ Kf5 33.Rg1 Bc5 34.Rf1 Rdd2 35.a4 bxa4 36.bxa4 Rf2
37.Rxf2 Rxf2 38.Rc7 Be3 39.Rc3 Ke4 40.Bc7 Bd4 41.Rg3 Ra2 42.Bxa5  1/2-1/2

[Event "Keres Mem Women"]
[Site "Tallin EST"]
[Date "2006.01.08"]
[Round "1"]
[White "Daulyte,D"]
[Black "Fomina,T"]
[Result "0-1"]
[WhiteElo "2244"]
[BlackElo "2196"]

1.e4 c5 2.Nf3 e6 3.d4 cxd4 4.Nxd4 Nc6 5.Nc3 Qc7 6.Be2 a6 7.O-O Nf6 8.Kh1 b5
9.a3 Bb7 10.f4 Nxd4 11.Qxd4 Bc5 12.Qd3 d5 13.exd5 exd5 14.Bf3 O-O 15.Be3 Rfe8
16.Bd4 Ne4 17.Rad1 Bxd4 18.Qxd4 Rad8 19.Ne2 Qxc2 20.Rc1 Qd2 21.Qb6 Ba8 22.Rfd1 Qxb2
23.Rc7 Qf6 24.Qa7 d4 25.Bxe4 Bxe4 26.Ng3 g6 27.Qc5 d3 28.Qc1 Qd6 29.f5 d2
30.Qc3 Qd4 31.fxg6 Bxg6 32.Qf3 Re1+ 33.Nf1 Rxd1 34.Qxd1 Qf2 35.Re7 Bh5  0-1

[Event "Keres Mem B"]
[Site "Tallin EST"]
[Date "2006.01.08"]
[Round "1"]
[White "Klovans,J"]
[Black "Seeman,T"]
[Result "1-0"]
[WhiteElo "2440"]
[BlackElo "2422"]

1.e4 c5 2.Nf3 e6 3.d4 cxd4 4.Nxd4 Nc6 5.Nc3 d6 6.Be3 Nf6 7.Be2 Be7 8.O-O Bd7
9.Nb3 a6 10.a4 Na5 11.Nxa5 Qxa5 12.f4 O-O 13.Qd2 Qc7 14.Bf3 Bc6 15.a5 Rac8
16.Rfd1 Rfe8 17.Qf2 Nd7 18.Qg3 Bf6 19.Ra3 Rcd8 20.b4 Rc8 21.Qf2 g6 22.Rb3 e5
23.f5 gxf5 24.exf5 e4 25.Be2 Ne5 26.b5 axb5 27.Nxb5 Bxb5 28.Rxb5 Kh8 29.Rbd5 Qe7
30.R1d2 Rc6 31.Qf4 Rec8 32.Qxe4 Qc7 33.Bb6 Rxb6 34.axb6 Qxb6+ 35.Kf1 Rc6
36.g3 Kg7 37.Kg2 Bg5 38.R2d4 Bf6 39.h4 Qb2 40.Rd2 Qa3 41.c4 Qb4 42.R5d4 Qa3
43.Rd1 Rb6 44.Rb1 Rxb1 45.Qxb1 Qc3 46.Qe4 Nf3 47.Rxd6 Ne1+ 48.Kf1 Nc2 49.Bd3 Nd4
50.Kf2 h5 51.Rd7 Nc6 52.Rxb7 Ne5 53.Be2 Qc1 54.Rb1 Qd2 55.Rb3  1-0

[Event "Keres Mem B"]
[Site "Tallin EST"]
[Date "2006.01.09"]
[Round "2"]
[White "Savickas,A"]
[Black "Seeman,T"]
[Result "1/2-1/2"]
[WhiteElo "2320"]
[BlackElo "2422"]

1.e4 c5 2.Nf3 e6 3.d4 cxd4 4.Nxd4 Nc6 5.Nc3 d6 6.Be3 Nf6 7.Be2 Be7 8.O-O Bd7
9.Qe1 O-O 10.f4 Nxd4 11.Bxd4 Bc6 12.Bd3 Nd7 13.Qg3 e5 14.fxe5 dxe5 15.Be3 Bc5
16.Bxc5 Nxc5 17.Qxe5 Nxd3 18.cxd3 Qxd3 19.Rf3 Qd2 20.Nd5 Bxd5 21.Qxd5 Qxd5
22.exd5 Rfd8 23.Rd1 Rac8 24.d6 Rd7 25.Rd2 f6 26.Rfd3 Kf7 27.b4 Rc4 28.a3 Re4
29.Rc2 Ke6 30.Rcd2 h5 31.Kf2 g5 32.Rd1 f5 33.R1d2 f4 34.Kf3 Kf5 35.Rc2 g4+
36.Kf2 Ke6 37.Rcd2 b6 38.Rd5 Re5 39.R5d3 Kf5 40.Rd1 Ke6 41.R1d2 Rf5 42.Re2+ Kf7
43.Re4 Rf6 44.h3 Kg6 45.hxg4 hxg4 46.Red4 Kg5 47.Rd5+ Rf5 48.R5d4 Re5 49.Rc4 Rf5
50.Rc8 Kf6 51.Rg8 f3 52.Rxg4 fxg2+ 53.Kxg2 Rg5 54.Rxg5  1/2-1/2

[Event "13th I.Stepichev Mem"]
[Site "Kyiv UKR"]
[Date "2006.01.11"]
[Round "4"]
[White "Kernazhitsky,L"]
[Black "Perun,S"]
[Result "1/2-1/2"]
[WhiteElo "2355"]
[BlackElo "2355"]

1.e4 c5 2.Nf3 e6 3.d4 cxd4 4.Nxd4 Nc6 5.Nc3 Qc7 6.Be3 a6 7.Qd2 Nf6 8.O-O-O Bb4
9.f3 Na5 10.Kb1 Bxc3 11.bxc3 Nc4 12.Bxc4 Qxc4 13.Bf4 d5 14.Be5 O-O 15.Bxf6 gxf6
16.e5 Qc7 17.Rhe1 Qe7 18.Qf4 fxe5 19.Qg3+ Kh8 20.Qxe5+ f6 21.Qxd5 e5  1/2-1/2

[Event "Keres Mem A"]
[Site "Tallin EST"]
[Date "2006.01.12"]
[Round "7"]
[White "Rytshagov,M"]
[Black "Vitiugov,N"]
[Result "0-1"]
[WhiteElo "2474"]
[BlackElo "2573"]

1.e4 c5 2.Nf3 e6 3.d4 cxd4 4.Nxd4 Nc6 5.Nc3 Qc7 6.Be3 Nf6 7.Bd3 a6 8.O-O Nxd4
9.Bxd4 Bc5 10.Bxc5 Qxc5 11.Qd2 b5 12.Rfe1 d6 13.Rad1 Bb7 14.a4 b4 15.Na2 a5
16.c3 bxc3 17.Nxc3 O-O 18.Nb5 Rfd8 19.Bb1 Ne8 20.Rc1 Qb6 21.Rc3 Rac8 22.Rb3 Rc4
23.Ra3 Nf6 24.Nc3 Rb4 25.Ra2 Ng4 26.Rd1 Ba6 27.Bc2 h6 28.h3 Ne5 29.b3 Qc5
30.Ne2 d5 31.Nf4 d4 32.Bd3 Bb7 33.Bc2 d3 34.Nxd3 Nxd3 35.Bxd3 Rbd4 36.Qe3 Qd6
37.Rad2 Bxe4 38.Bxe4 Rxd2 39.Rxd2 Qxd2 40.Qb6 Qd1+ 41.Kh2 Qd6+ 42.Qxd6 Rxd6
43.Kg3 f5  0-1

[Event "TCh-CZE Extraliga 2005-6"]
[Site "Czech Rep CZE"]
[Date "2006.01.14"]
[Round "7"]
[White "Vitak,P"]
[Black "Novak,Pa"]
[Result "0-1"]
[WhiteElo "2194"]
[BlackElo "2345"]

1.e4 c5 2.Nf3 Nc6 3.d4 cxd4 4.Nxd4 e6 5.Nc3 Qc7 6.g3 a6 7.Bg2 Nf6 8.O-O Be7
9.Re1 O-O 10.Nxc6 bxc6 11.Qd3 e5 12.Qc4 Rb8 13.a3 Qb7 14.Rd1 d6 15.Bg5 Be6
16.Qd3 Rfd8 17.b3 h6 18.Bxf6 Bxf6 19.Na4 Be7 20.Qc3 Qa7 21.Rab1 Rbc8 22.Nb2 Kh8
23.Rd3 f5 24.Rd2 Bf6 25.Bh3 d5 26.Bxf5 Bxf5 27.exf5 e4 28.Qe3 Qd7 29.Qb6 Qxf5
30.Qxa6 Bg5 31.Re2 Qf3 32.Rbe1 h5 33.h3 h4 34.Re3 Bxe3 35.Rxe3 Qf6 36.Nd1 Ra8
37.Qe2 Rxa3 38.Kh2 Ra1 39.Nc3 Rf8 40.Kg2 Qf5 41.gxh4 d4 42.Rxe4 dxc3 43.Re5 Qf7  0-1

[Event "TCh-FIN 2005-6"]
[Site "Helsinki FIN"]
[Date "2006.01.14"]
[Round "6"]
[White "Niemela,A"]
[Black "Franssila,T"]
[Result "1-0"]
[WhiteElo "2252"]
[BlackElo "2274"]

1.e4 c5 2.Nc3 e6 3.Nf3 Nc6 4.d4 cxd4 5.Nxd4 Nf6 6.Nxc6 bxc6 7.e5 Nd5 8.Ne4 Qa5+
9.c3 Ba6 10.Be2 f5 11.exf6 Nxf6 12.Nxf6+ gxf6 13.O-O Bxe2 14.Qxe2 Bd6 15.Be3 Qf5
16.Rad1 Bc7 17.Rd4 Rg8 18.Rfd1 d5 19.Ra4 Kf7 20.Re1 a5 21.Rh4 Rg7 22.Bh6 Rg6
23.Rh5 Qe4 24.Qxe4 dxe4 25.Rxe4 Rd8 26.Rd4 Rxd4 27.cxd4 Bb6 28.Bd2 Bxd4 29.Rxh7+ Kg8
30.Rc7 Bxb2 31.Rxc6 Rg7 32.Bxa5 Rb7 33.Rc8+ Kf7 34.Rc7+ Rxc7 35.Bxc7 Ba3
36.h4 Kg6 37.Kh2 Bc5 38.f3 Ba3 39.g4 f5 40.Be5 Kh6 41.Kg3 Kg6 42.h5+ Kg5
43.Bf4+ Kf6 44.g5+ Kg7 45.Be5+ Kh7 46.Kh4 Be7 47.a4 Bb4 48.Bc7 Be1+ 49.Kh3 Bd2
50.f4  1-0

[Event "Winter Cup"]
[Site "Bucharest ROM"]
[Date "2006.01.15"]
[Round "2"]
[White "Golubev,M"]
[Black "Hamitevici,V"]
[Result "1-0"]
[WhiteElo "2517"]
[BlackElo "2284"]

1.e4 c5 2.Nc3 e6 3.Nf3 Nc6 4.d4 cxd4 5.Nxd4 Nf6 6.a3 d5 7.Bb5 Bd7 8.exd5 exd5
9.O-O Be7 10.Nf3 Be6 11.Ne5 Qc7 12.Bf4 Bd6 13.Re1 O-O 14.Bxc6 bxc6 15.Bg3 Nd7
16.Nxd7 Bxd7 17.b4 Bxg3 18.hxg3 Rae8 19.Qd2 Re6 20.Na4 Rfe8 21.Nc5 Re5 22.Nd3 Re4
23.Rxe4 dxe4 24.Nc5 e3 25.Qxd7  1-0

[Event "Classic"]
[Site "Queenstown NZL"]
[Date "2006.01.16"]
[Round "2"]
[White "Eriksson,I"]
[Black "Garbett,P"]
[Result "0-1"]
[WhiteElo "2101"]
[BlackElo "2352"]

1.e4 c5 2.Nf3 e6 3.d4 cxd4 4.Nxd4 Nc6 5.Nc3 Qc7 6.Be3 a6 7.Qd2 Nf6 8.O-O-O Bb4
9.f3 Na5 10.g4 h6 11.h4 d5 12.g5 Bxc3 13.bxc3 hxg5 14.Bxg5 dxe4 15.Bxf6 gxf6
16.fxe4 Bd7 17.Bd3 O-O-O 18.Rdf1 Nc4 19.Qe2 Nb6 20.Qe1 Na4 21.Rxf6 Be8 22.Ne2 Rh5
23.Rg1 Qc5 24.Rf3 Nb6 25.Rg4 Qa3+ 26.Kd1 Nc4 27.Rg5 f6 28.Rg7 Rb5 29.Nc1 Rb1
30.Ke2 Ne5 31.Rf1 Qc5 32.Rh7 Bg6 33.Rh6 Ng4 34.Qg3 Nxh6 35.Qxg6 Rxc1 36.Qxh6 Rxf1
37.Kxf1 Rg8 38.Qf4 Qg1+ 39.Ke2 Rg2+  0-1